00448nam a2200133 a 450000100100000000500170001000800410002704000250006808200140009310000430010724500800015026000640023030000200029400003468420240322185316.0111018s2004 xxu 000 0 spa d aDO-SdBNPbspacBNPHU axxxxbO741 aOrnes Coiscou, Germán E.,d1919-199810aThe other side of the coin. /cA collection of articles by German E. Ornes. aWashington :bEmbassy of the Dominicana Republic,c[19--?]. a80 p. ;c23 cm.